000 005230000a22001810004500
020 _a0-8010-3452-3
041 0 _aENG
082 0 4 _aG 232.901 F7541s
100 1 _aFoster, R. C.
245 1 0 _aStudies in the life of Christ : Introduction the early period the middle period the final week / R. C. Foster
260 _aGrand Rapids, MI. : Baker
300 _a1426 Pág.
001 14778
942 _cBK
999 _c43613
_d43613
336 _atexto
_btxt
_2rdacontent
337 _2rdamedia
_asin mediación
_bn
338 _2rdacarrier
_avolumen
_bnc